000
00330nam a2200133 4500
008
190605s1975||||xo d
245
1
0
_a
Dejiny slovenskej literatúry
_b
Pribehy z divokého západu
260
_b
SAV
_a
Bratislava
_c
1975
041
1
_a
slo
044
_a
xo
_c
SK
250
_a
1. vydanie
020
_c
0
958
_a
A
999
_c
22517
_d
22517